Intersomatická spongioplastika v léčbě segmentální instability bederní páteře

Bibliographic Details
Main Authors: Smrčka, Vladimír, 1939- (Author), Novák, Z. (Author), Baudyšová, O. (Author)
Format: Article
Language:Slovak
Czech
PhysicalDescription:Obr. 2, tab. 4, res. angl., čes., lit. 15 zázn.
ISSN:1210-7859
Subjects:

MARC

LEADER 00000nab a2200000 a 4500
001 vtls000645577
003 SK-MaSNL
005 20260304091139.0
008 250425c1997 xo 0 slo
015 |a SNBRB19rr/mm-uuuuu 
035 |a CL0645716 
035 |a urn:nbn:sk:snk-abaj1i 
035 |a (urnnbn)urn:nbn:sk:snk:ar-008fwp 
035 |a (uuid)ff24c779-d005-4680-baf2-3e48bbb7b231 
040 |a SNKBUCL  |b slo  |c SNKBUCL  |e AACR2 
041 0 |a cze 
044 |a xo  |c SK 
080 |a 616.833.5-089  |2 1981 
100 1 |a Smrčka, Vladimír,  |d 1939-  |4 aut  |9 250210 
245 1 0 |a Intersomatická spongioplastika v léčbě segmentální instability bederní páteře  |c V. Smrčka, Z. Novák, O. Baudyšová 
300 |b Obr. 2, tab. 4, res. angl., čes., lit. 15 zázn. 
650 0 7 |a drieková chrbtica  |2 snkbucl  |9 202603 
650 0 7 |a spongioplastika intersomatická  |2 snkbucl  |9 1383091 
655 7 |a články z novín a časopisov  |2 snkbucl  |9 267496 
700 1 |a Novák, Z.  |4 aut  |9 569575 
700 1 |a Baudyšová, O.  |4 aut  |9 1293235 
773 0 |t Česká a slovenská neurologie a neurochirurgie  |g Roč. 60, č. 4 (1997), s. 192-195  |x 1210-7859 
850 |a Slovenská národná knižnica 
852 |a Slovenská národná knižnica 
954 |a odborná, vedecká literatúra cudzojazyčná (svetová)  |2 lita 
958 |a article14 
958 |a OND 
958 |a NB 
958 |a MI 
958 |a RK 
958 |a EUIPO 
999 |c 2814313  |d 2816243